01330nam a2200265Ia 450000500170000000800410001702000190005824500930007725000390017030000610020949000270027050503820029765000420067965000300072165000380075165000470078970000320083670000280086826400330089633600270092933700330095633800280098904000350101708400120105220220317001023.0160825s9999 xx 000 0 und d a9789583006501210aCuentos urbanoscselección de Guido L. Tamayo S. ; ilustrado por Jorge Alberto Ávila a1a. edición b7a. reimpresión  a144 páginas bilustraciones en blanco y negro c21 cm  aEl pozo y el péndulo aExtraña ciudad / Robert Walser -- La calle de los cocodrilos / Bruno Schultz -- Tal y como perros callejeros / Dylan Thomas -- Historia de Rosendo Juárez / Jorge Luis Borges -- Una reputación / Juan José Arreola -- El posible Baldi / Juan Carlos Onetti -- Ana / José Balza -- La autopista del sur / Julio Cortázar -- Petite symphonie desconcertante / Julio Paredes142LEMBaCuentos juveniles vColecciones142LEMB aLiteratura juvenil142LEMB aUrbanismo en la literatura142LEMB aCiudades y pueblos en la literatura1 aTamayo Sánchez, Guido L. 1 aÁvila, Jorge Alberto  aBogotábPanamericanac2009 atextobtxt2rdacontent asin mediaciónbn2rdamedia avolumenbnc2rdacarrier aCO-BoRNBPbspaerdacCO-BoRNBP aC CUE19